=LDR 00000nam 2200000 4500 =001 INLIS000000000016589 =005 20130612111850 =008 ***********************************Ind** =035 ##$$0010-061300000016589 =041 ##$$a Ind =082 ##$$a 398.807 =090 ##$$a 398.807, Riz d =100 ##$$a Rizal, Yose =245 ##$$a 2200 peribahasa Indonesia untuk SMP, Yose Rizal =260 ##$$a 2003 $b Bandung =300 ##$$a v, 251 hlm, 21 cm =850 ##$$a NBPNMAT